00370nam a2200157Ia 4500003000900000008004100009040001300050040001300063245006100076245001100137250001100148260001100159300000800170490000600178600002800184IT-RoPAU120407s9999 xx 000 0 und d aIT-RoPAU cIT-RoPAU aCatechismo della dottrina cattolica. Edizione scolastica cAA.VV. aMilano aAncora c cm v2 amanca il secondo volume